Almost Useless Movie Trivia XI Quiz Stats

 Plays Quiz Updated Apr 23, 2017

Support Sporcle.
Go Orange.
Score 0/22 Timer 07:00
0 Plays Today
% Correct
The Exorcist
93.9%
Casino Royale
93.7%
Cool Runnings
93.4%
Catch Me If You Can
93.3%
La La Land
92.3%
National Lampoon's Vacation
91.6%
The Fast and the Furious
88.7%
Bring It On
88.2%
The Emperor's New Groove
87.6%
The Truman Show
86.8%
Lost in Translation
85.8%
% Correct
The Hangover
85.5%
The African Queen
83.4%
The Road Warrior
82.5%
The Green Mile
82.1%
What Ever Happened to Baby Jane?
81.7%
Weird Science
79%
Napoleon Dynamite
76.8%
Taxi Driver
71.9%
High Plains Drifter
67.6%
Jurassic World
63.9%
Friday
62.2%

From the Vault

Blood Relatives Slideshow: TV

by chaosBEE

Don't worry, you won't have to visit any of your actual relatives.
Remove Ads.
Support Sporcle.
Get the best of Sporcle when you Go Orange. This ad-free experience offers more features, more stats, and more fun while also helping to support Sporcle. Thank you for becoming a member.

Show Comments

Extras

Top Quizzes Today


Score Distribution

Your Account Isn't Verified!

In order to create a playlist on Sporcle, you need to verify the email address you used during registration. Go to your Sporcle Settings to finish the process.

Report this User

Report this user for behavior that violates our Community Guidelines.

Details: